Las causas del auge y la declinación del sistema interamericano de seguridad: una prespectiva latinoamericana
Αποθηκεύτηκε σε:
| Μορφή: | Κείμενο |
|---|---|
| Θέματα: | |
| Ετικέτες: |
Προσθήκη ετικέτας
Δεν υπάρχουν, Καταχωρήστε ετικέτα πρώτοι!
|
MARC
| LEADER | 00000 a a2200000 04500 | ||
|---|---|---|---|
| 001 | 5097 | ||
| 003 | |||
| 040 | |||
| 245 | |a Las causas del auge y la declinación del sistema interamericano de seguridad: |b una prespectiva latinoamericana | ||
| 650 | |a SEGURIDAD | ||
| 650 | |a IGUALDAD | ||
| 650 | |a ESTADO | ||
| 650 | |a PROBLEMAS POLITICOS | ||
| 650 | |a AMERICA LATINA | ||
| 773 | |g número 7; | ||
| 999 | |c 36908 |d 36908 | ||
